[Event "18 Open international de La Reunion"]
[Site "Salle des fêtes de Bellepierre"]
[Date "2016.10.11"]
[Round "3.8"]
[White "Mercadal, Theo"]
[Black "Jubin, Thierry"]
[Result "0-1"]
[WhiteElo "1513"]
[BlackElo "1690"]
[PlyCount "150"]
[EventDate "2016.??.??"]

1. c4 c6 2. g3 d5 3. cxd5 cxd5 4. d4 g6 5. Bg2 Bg7 6. Nc3 Nf6 7. Bf4 Nc6 8. Nf3
O-O 9. O-O a6 10. Ne5 e6 11. Nxc6 bxc6 12. Be5 Bh6 13. Bxf6 Qxf6 14. e4 Rd8 15.
e5 Qe7 16. Na4 a5 17. Nc5 Bg7 18. Rc1 Qa7 19. b3 Bf8 20. Qc2 Rb8 21. Rfd1 Rb4
22. a3 Rb8 23. Rd3 Bh6 24. Rb1 Bf8 25. Rc3 Be7 26. f4 Bf8 27. Bh3 Rb5 28. Rc1
h5 29. Kh1 Be7 30. Bf1 Rb8 31. Rb1 Kg7 32. b4 axb4 33. axb4 Bf8 34. h4 Be7 35.
Rcb3 Bf8 36. Qc3 Be7 37. Ra1 Qc7 38. Rba3 Bxc5 39. bxc5 Qe7 40. Ra7 Rd7 41. Ra8
Rdb7 42. Rxb8 Rxb8 43. Qa3 Qb7 44. Ra2 Qb1 45. Kg2 Rb3 46. Ra1 Rxg3+ 47. Qxg3
Qxa1 48. Qe3 Ba6 49. Qf2 Bxf1+ 50. Qxf1 Qxd4 51. Qf2 Qxf2+ 52. Kxf2 f6 53. Kf3
fxe5 54. fxe5 Kh6 55. Kf4 d4 56. Ke4 g5 57. Kxd4 gxh4 58. Ke3 Kg5 59. Kf3 Kf5
60. Kg2 Kxe5 61. Kh3 Kd5 62. Kxh4 Kxc5 63. Kxh5 Kd4 64. Kg4 e5 65. Kf3 Kd3 66.
Kf2 e4 67. Ke1 Ke3 68. Kd1 Kf2 69. Kc2 e3 70. Kc3 e2 71. Kc4 e1=Q 72. Kc5 Qe6
73. Kb6 Qd5 74. Kc7 c5 75. Kb6 c4 0-1

[Event "18 Open international de La Reunion"]
[Site "Salle des fêtes de Bellepierre"]
[Date "2016.10.11"]
[Round "3.9"]
[White "Payet, Jean-Claude"]
[Black "Carballar, Eric"]
[Result "1-0"]
[WhiteElo "1865"]
[BlackElo "1399"]
[PlyCount "31"]
[EventDate "2016.??.??"]

1. e4 e6 2. d4 Nc6 3. c4 d5 4. cxd5 exd5 5. e5 f6 6. exf6 Nxf6 7. Nf3 h6 8. Be2
Bd6 9. O-O Bd7 10. Bd3 Qe7 11. Re1 Ne4 12. Nc3 Bb4 13. Nxd5 Qd6 14. Rxe4+ Be6
15. Rxe6+ Qxe6 16. Nxc7+ 1-0

[Event "18 Open international de La Reunion"]
[Site "Salle des fêtes de Bellepierre"]
[Date "2016.10.11"]
[Round "3.10"]
[White "Bah, Ismael"]
[Black "Pun Chung, Leo"]
[Result "1-0"]
[WhiteElo "1786"]
[BlackElo "1374"]
[PlyCount "45"]
[EventDate "2016.??.??"]

1. Nf3 Nc6 2. b3 Nf6 3. Bb2 e6 4. e3 b6 5. g3 Bb7 6. Bg2 Be7 7. O-O O-O 8. c4
d5 9. cxd5 Nxd5 10. d4 Ba6 11. Re1 Bb4 12. Nfd2 Qd7 13. a3 Be7 14. Qc2 Bb7 15.
Nc3 Rad8 16. Rad1 Rfe8 17. Rc1 a5 18. Red1 Nxc3 19. Qxc3 Nb4 20. axb4 Bxb4 21.
Qxc7 Qb5 22. Qxb7 Rd7 23. Qc6 1-0

[Event "18 Open international de La Reunion"]
[Site "Salle des fêtes de Bellepierre"]
[Date "2016.10.11"]
[Round "3.11"]
[White "Rajaobelina, Hery"]
[Black "Leccia, Antoine"]
[Result "1-0"]
[WhiteElo "1683"]
[BlackElo "1342"]
[PlyCount "43"]
[EventDate "2016.??.??"]

1. e4 c5 2. Nf3 Nc6 3. d4 cxd4 4. Nxd4 Nf6 5. f3 g6 6. c4 Bg7 7. Be3 d6 8. Nc3
O-O 9. Qd2 Re8 10. Be2 Ne5 11. Rc1 Bd7 12. O-O Rc8 13. Nd5 b6 14. Nb5 Bxb5 15.
cxb5 Ned7 16. Rxc8 Qxc8 17. Rc1 Qb8 18. Nc7 Rc8 19. Na6 Rxc1+ 20. Qxc1 Qb7 21.
Qc6 Nc5 22. Bxc5 1-0

[Event "18 Open international de La Reunion"]
[Site "Salle des fêtes de Bellepierre"]
[Date "2016.10.11"]
[Round "3.12"]
[White "Le Maguet, Loan"]
[Black "Goorsahye, Antoine"]
[Result "0-1"]
[WhiteElo "1362"]
[BlackElo "1672"]
[PlyCount "54"]
[EventDate "2016.??.??"]

1. e4 e5 2. Nf3 Nc6 3. Bb5 a6 4. Ba4 Nf6 5. O-O b5 6. Bb3 Be7 7. Re1 O-O 8. c3
d5 9. exd5 Nxd5 10. Nxe5 Nxe5 11. Rxe5 c6 12. d4 Bd6 13. Re1 Qh4 14. g3 Qh3 15.
Qd2 Bg4 16. Bd1 Nf6 17. Qd3 Rae8 18. Be2 Bf5 19. Qd1 Ng4 20. Bxg4 Bxg4 21. Rxe8
Bxd1 22. Rxf8+ Kxf8 23. Nd2 Qf5 24. Nf1 Bf3 25. Nd2 Bd5 26. Nf1 Qf3 27. Ne3
Qh1# 0-1

[Event "18 Open international de La Reunion"]
[Site "Salle des fêtes de Bellepierre"]
[Date "2016.10.11"]
[Round "3.13"]
[White "Herrero, Alain"]
[Black "Sandjivy, Jean Marc"]
[Result "1-0"]
[WhiteElo "1658"]
[BlackElo "1308"]
[PlyCount "76"]
[EventDate "2016.??.??"]

1. d4 Nf6 2. c4 d5 3. cxd5 Nxd5 4. e4 Nb4 5. Qa4+ N8c6 6. d5 Bd7 7. dxc6 Bxc6
8. Qxb4 e6 9. Qc3 a5 10. Qc4 Qd7 11. Nf3 Bd6 12. Be2 Bb5 13. Qc2 Bb4+ 14. Nc3
Bxe2 15. Qxe2 Bxc3+ 16. bxc3 O-O-O 17. O-O Qa4 18. Bf4 f6 19. Rab1 b6 20. c4
Qc6 21. e5 Rd7 22. Be3 Qe4 23. Rfe1 Rhd8 24. c5 Rd5 25. cxb6 cxb6 26. Bxb6 Qxe2
27. Rxe2 R8d7 28. g3 g5 29. Rc2+ Kb7 30. Bd8+ Ka6 31. Rc6+ Ka7 32. Bxf6 g4 33.
Ng5 Rd2 34. Nxe6 Rxa2 35. Nc7 Rxc7 36. Rxc7+ Ka6 37. e6 Re2 38. Bd4 a4 1-0

[Event "18 Open international de La Reunion"]
[Site "Salle des fêtes de Bellepierre"]
[Date "2016.10.11"]
[Round "3.14"]
[White "Deschamps, Nathalie"]
[Black "Duprey, Francois-Xavier"]
[Result "0-1"]
[WhiteElo "1314"]
[BlackElo "1637"]
[PlyCount "114"]
[EventDate "2016.??.??"]

1. b3 b6 2. e3 Nf6 3. Bb2 g6 4. Nf3 Bg7 5. Be2 Bb7 6. d3 d5 7. Ne5 Nbd7 8. f4
Nxe5 9. fxe5 Nd7 10. d4 e6 11. O-O O-O 12. Ba3 Re8 13. Qe1 f5 14. exf6 Nxf6 15.
Nd2 e5 16. Qf2 exd4 17. exd4 Ne4 18. Nxe4 dxe4 19. Bc4+ Bd5 20. Bxd5+ Qxd5 21.
c3 Rad8 22. Rad1 e3 23. Qe2 Re4 24. Bc1 Bh6 25. Rf3 Rde8 26. c4 Qa5 27. d5 Qc5
28. Re1 a5 29. Kh1 Qd4 30. Rd1 Qc5 31. Rd3 Rd4 32. Rxd4 Qxd4 33. h3 Qa1 34. Rf1
Rf8 35. Rxf8+ Kxf8 36. Kh2 Qxc1 37. Qf3+ Kg7 38. Qe4 Bg5 39. Qe5+ Bf6 40. Qxc7+
Kh6 41. Qf4+ Kg7 42. Qc7+ Kg8 43. Qc8+ Kf7 44. Qe6+ Kg7 45. d6 Qc3 46. d7 Be5+
47. g3 Qd2+ 48. Kg1 Qf2+ 49. Kh1 Qxg3 50. Qe7+ Kh6 51. Qf8+ Bg7 52. Qe8 Qf3+
53. Kh2 Qf2+ 54. Kh1 e2 55. Qxe2 Qxe2 56. d8=Q Qf1+ 57. Kh2 Be5# 0-1

[Event "18 Open international de La Reunion"]
[Site "Salle des fêtes de Bellepierre"]
[Date "2016.10.11"]
[Round "3.15"]
[White "Vitry, Patrick"]
[Black "Padre, Maxime"]
[Result "0-1"]
[WhiteElo "1613"]
[BlackElo "1261"]
[PlyCount "150"]
[EventDate "2016.??.??"]

1. e4 c6 2. d3 d5 3. Nc3 dxe4 4. Nxe4 Bf5 5. Nc3 Nf6 6. Nf3 e6 7. Be3 Be7 8.
Ne5 Nbd7 9. f4 Nxe5 10. fxe5 Nd5 11. Bf2 O-O 12. g4 Bg6 13. h4 h6 14. a3 Qd7
15. Qf3 Nxc3 16. bxc3 Qd5 17. Qxd5 cxd5 18. Bg2 b6 19. Kd2 Rac8 20. Rh3 Rc7 21.
d4 Rfc8 22. Be1 Kf8 23. Kc1 Rc6 24. Bd2 Bd8 25. Kb2 b5 26. Rah1 Ke8 27. g5 h5
28. Bf1 Rb8 29. Bd3 Bxd3 30. Rxd3 g6 31. Rf1 Rb7 32. Rdf3 Ra6 33. Ra1 Be7 34.
Bc1 Bd8 35. Kb1 Ba5 36. Bb2 Rc6 37. Kc1 Rbc7 38. Kd2 Rc4 39. Rb1 a6 40. Ra1
Rxd4+ 41. Ke2 Rxh4 42. a4 b4 43. cxb4 Bxb4 44. Kd3 Rhc4 45. Rc1 Bc3 46. Bxc3
Rxc3+ 47. Ke2 Rxc2+ 48. Rxc2 Rxc2+ 49. Kd1 Rc4 50. Rb3 Rxa4 51. Rb8+ Ke7 52.
Rb7+ Kf8 53. Rb8+ Kg7 54. Ke2 Re4+ 55. Kf3 Rxe5 56. Ra8 Rxg5 57. Rxa6 Kf6 58.
Ra4 Rf5+ 59. Kg3 e5 60. Ra5 e4 61. Ra6+ Kg7 62. Ra3 Re5 63. Kf4 Re7 64. Ra5 d4
65. Rd5 d3 66. Ke3 h4 67. Rg5 Kh6 68. Rg2 g5 69. Rf2 Kg6 70. Rg2 f5 71. Rg1 Rd7
72. Kf2 f4 73. Rg2 e3+ 74. Ke1 d2+ 75. Kd1 f3 0-1

[Event "18 Open international de La Reunion"]
[Site "Salle des fêtes de Bellepierre"]
[Date "2016.10.11"]
[Round "3.16"]
[White "Cochard, Franck-Olivier"]
[Black "Sandjivy, Vivien"]
[Result "1-0"]
[WhiteElo "1588"]
[BlackElo "1214"]
[PlyCount "85"]
[EventDate "2016.??.??"]

1. d4 d5 2. Bg5 Nf6 3. Nf3 Nc6 4. e3 Bf5 5. a3 h6 6. Bh4 e6 7. c4 Be7 8. Nc3
O-O 9. cxd5 exd5 10. Qb3 Na5 11. Qa2 Be4 12. Be2 b6 13. b4 Nb7 14. Rc1 a6 15.
Nxe4 dxe4 16. Nd2 Nd6 17. Qc2 Ra7 18. Bxf6 Bxf6 19. Nxe4 Nxe4 20. Qxe4 Re8 21.
Qd3 Qd5 22. O-O c6 23. Bf3 Qb5 24. Qb3 Re6 25. a4 Qf5 26. h3 h5 27. Rxc6 Rxc6
28. Bxc6 Re7 29. Qd5 Qg6 30. Qd8+ Kh7 31. Qxb6 Qd3 32. b5 axb5 33. Qxb5 Qa3 34.
d5 Be5 35. Rd1 Ra7 36. Qd3+ Qxd3 37. Rxd3 Ra5 38. d6 Rc5 39. Bf3 g5 40. d7 Rc1+
41. Rd1 Rxd1+ 42. Bxd1 Bc7 43. Bxh5 1-0

[Event "18 Open international de La Reunion"]
[Site "Salle des fêtes de Bellepierre"]
[Date "2016.10.11"]
[Round "3.17"]
[White "Siffert, Arman"]
[Black "Mablouke, Ulrich"]
[Result "0-1"]
[WhiteElo "1270"]
[BlackElo "1565"]
[PlyCount "108"]
[EventDate "2016.??.??"]

1. e4 e5 2. Nf3 Nc6 3. Bc4 Nf6 4. Ng5 d5 5. exd5 Na5 6. Bb5+ c6 7. dxc6 bxc6 8.
Ba4 h6 9. Nf3 e4 10. Ne5 Qd4 11. Nc4 Qxc4 12. Bb3 Nxb3 13. axb3 Qc5 14. d4 exd3
15. Qxd3 Bf5 16. Qe2+ Qe7 17. Be3 Qe4 18. O-O Qxc2 19. Nd2 Bd3 20. Qf3 Bxf1 21.
Rxf1 Bb4 22. Nc4 Nd5 23. Ne5 O-O 24. Bd4 Rac8 25. Qg3 Qe4 26. Rd1 Nf4 27. Kh1
Rfd8 28. Nxc6 Bf8 29. Nxd8 Rxd8 30. f3 Rxd4 31. Ra1 Qe2 32. h3 Rd1+ 33. Rxd1
Qxd1+ 34. Kh2 Ne2 35. Qf2 Bd6+ 36. g3 Bxg3+ 37. Qxg3 Nxg3 38. Kxg3 Qg1+ 39. Kf4
g5+ 40. Ke4 Qb1+ 41. Kd5 Qxb2 42. Kc4 Qe2+ 43. Kd4 Qxf3 44. b4 Qxh3 45. Kc5
Qc8+ 46. Kb5 h5 47. Ka4 h4 48. b5 h3 49. Kb4 h2 50. b6 axb6 51. Kb3 Qc5 52. Kb2
Qc4 53. Ka1 Qe2 54. Kb1 h1=R# 0-1

[Event "18 Open international de La Reunion"]
[Site "Salle des fêtes de Bellepierre"]
[Date "2016.10.11"]
[Round "3.18"]
[White "Muller, Sebastien"]
[Black "Carballar, Alexandre"]
[Result "1-0"]
[WhiteElo "1519"]
[BlackElo "1170"]
[PlyCount "155"]
[EventDate "2016.??.??"]

1. e4 e6 2. Nf3 d5 3. e5 c5 4. c3 Nc6 5. d4 cxd4 6. cxd4 f6 7. Bb5 Bd7 8. a3
Qa5+ 9. Nc3 fxe5 10. Nxe5 Nxe5 11. b4 Qb6 12. Qh5+ Ng6 13. Bxd7+ Kxd7 14. Qg4
Nf6 15. Qd1 Rc8 16. Bb2 a5 17. Na4 Qa7 18. b5 Rc4 19. O-O Bd6 20. Re1 Qb8 21.
g3 b6 22. Nc3 h5 23. Qd3 Nf8 24. Qe3 h4 25. Qg5 Rh7 26. Ne2 hxg3 27. Nxg3 Bxg3
28. hxg3 Rc2 29. Bc1 Ne4 30. Rxe4 dxe4 31. Bf4 Qe8 32. Qe5 Qe7 33. Qxe4 Rxf2
34. Qc6+ Kd8 35. Qxb6+ Ke8 36. Kxf2 Qf6 37. Qc6+ Nd7 38. Rd1 g5 39. Re1 gxf4
40. Rxe6+ Qxe6 41. Qxe6+ Re7 42. Qg6+ Kd8 43. gxf4 Nf8 44. Qb6+ Ke8 45. Qc6+
Kf7 46. b6 Re6 47. Qd5 Ke7 48. b7 Nd7 49. f5 Rb6 50. Qe4+ Kd8 51. Qd5 Kc7 52.
Qxa5 Kxb7 53. Qd5+ Kc7 54. a4 Ra6 55. a5 Rd6 56. Qc4+ Rc6 57. Qb5 Nb8 58. d5
Rd6 59. Qc5+ Kd7 60. Qa7+ Kc8 61. Qc5+ Kd7 62. Qb5+ Kc7 63. Kf3 Nd7 64. a6 Nb6
65. Ke4 Nc8 66. Qb7+ Kd8 67. a7 Rd7 68. Qxd7+ Kxd7 69. a8=Q Nd6+ 70. Kf4 Ke7
71. Qa7+ Kf6 72. Qd7 Nf7 73. Qe6+ Kg7 74. f6+ Kf8 75. Qe7+ Kg8 76. Qe8+ Kh7 77.
Qxf7+ Kh8 78. Qg7# 1-0

[Event "18 Open international de La Reunion"]
[Site "Salle des fêtes de Bellepierre"]
[Date "2016.10.11"]
[Round "3.19"]
[White "Dazin, Nathan"]
[Black "Evrin, Selvam"]
[Result "1-0"]
[WhiteElo "1229"]
[BlackElo "1498"]
[PlyCount "115"]
[EventDate "2016.??.??"]

1. e4 c5 2. c3 d5 3. exd5 Qxd5 4. Nf3 Nc6 5. c4 Qd6 6. Nc3 g6 7. g3 Bg7 8. d3
Bg4 9. Be2 Nf6 10. O-O O-O 11. Bf4 Qd7 12. Ne5 Nxe5 13. Bxe5 Bxe2 14. Qxe2 e6
15. Qf3 Ne8 16. Bxg7 Nxg7 17. Rad1 Nf5 18. Ne4 Qe7 19. Qf4 e5 20. Qg5 Kg7 21.
Qxe7 Nxe7 22. Nxc5 Rad8 23. Rfe1 b6 24. Nb3 Nc6 25. a3 a5 26. Na1 Rd6 27. Rd2
Rfd8 28. Red1 e4 29. Nb3 Ne5 30. Kg2 a4 31. c5 Rd5 32. dxe4 Rxd2 33. Rxd2 Rc8
34. f4 axb3 35. fxe5 Rxc5 36. Rd5 Rc2+ 37. Kh3 Rxb2 38. Rb5 f6 39. exf6+ Kxf6
40. Rxb6+ Ke5 41. Rb4 Kd6 42. Rb5 Kc6 43. a4 Rb1 44. Kh4 Rb2 45. h3 Re2 46.
Rxb3 Rxe4+ 47. Kg5 Rxa4 48. Kh6 Ra7 49. Re3 Kd6 50. g4 Rf7 51. g5 Rc7 52. h4
Rf7 53. Rd3+ Ke7 54. Re3+ Kf8 55. h5 Rf4 56. Kxh7 gxh5 57. g6 Rg4 58. Rf3+ 1-0

[Event "18 Open international de La Reunion"]
[Site "Salle des fêtes de Bellepierre"]
[Date "2016.10.11"]
[Round "3.21"]
[White "Larmet, Nino"]
[Black "Sandjivy, Yann"]
[Result "1-0"]
[WhiteElo "1418"]
[BlackElo "1009"]
[PlyCount "51"]
[EventDate "2016.??.??"]

1. a3 e5 2. b4 Nc6 3. Bb2 Nf6 4. b5 Nd4 5. e3 Nxb5 6. Bxb5 Bd6 7. Nf3 e4 8. Nd4
c5 9. Nf5 O-O 10. Nxd6 Qe8 11. Nxe8 Rxe8 12. Bxf6 gxf6 13. Qg4+ Kf8 14. Bxd7
Rd8 15. Bxc8 Rdxc8 16. Qxe4 Rc6 17. Qxh7 Ke7 18. Nc3 Ke8 19. Qg8+ Ke7 20. Qxa8
Rd6 21. Qxb7+ Ke6 22. Qe4+ Kd7 23. Rb1 c4 24. Rb7+ Kd8 25. Qe7+ Kc8 26. Qc7#
1-0

[Event "18 Open international de La Reunion"]
[Site "Salle des fêtes de Bellepierre"]
[Date "2016.10.11"]
[Round "3.22"]
[White "Laoussing, Stephane"]
[Black "Payet, Bruno"]
[Result "0-1"]
[WhiteElo "1399"]
[BlackElo "1111"]
[PlyCount "100"]
[EventDate "2016.??.??"]

1. e4 d5 2. exd5 Qxd5 3. Nc3 Qd8 4. Nf3 Nc6 5. Bc4 h6 6. d3 Nf6 7. O-O Bg4 8.
h3 Bf5 9. Be3 e6 10. Nd4 Nxd4 11. Bxd4 Qxd4 12. Nb5 Qb6 13. Qf3 g5 14. Rae1
O-O-O 15. a4 a6 16. Na3 g4 17. hxg4 Nxg4 18. Bb3 Qd6 19. g3 h5 20. Nc4 Qc5 21.
Ne3 Bd6 22. d4 Qxd4 23. Nxf5 exf5 24. Qxf5+ Kb8 25. Bxf7 h4 26. Re4 Nh6 27.
Rxd4 Nxf5 28. Rg4 Rdf8 29. Be6 Rf6 30. Bxf5 Rxf5 31. Rxh4 Rg8 32. Kg2 Be7 33.
Re4 Bd6 34. b3 Rh8 35. c4 Rh7 36. Rh4 Rxh4 37. gxh4 Rf4 38. Rh1 Rg4+ 39. Kf3
Rd4 40. Ke3 Rg4 41. f3 Rg2 42. Rb1 Rg8 43. f4 Rf8 44. Rf1 Ka7 45. Ke4 Kb6 46.
f5 Ka5 47. Rf3 Kb4 48. Rd3 Re8+ 49. Kd5 Re5+ 50. Kd4 c5# 0-1

[Event "18 Open international de La Reunion"]
[Site "Salle des fêtes de Bellepierre"]
[Date "2016.10.11"]
[Round "3.23"]
[White "Leccia, Thomas"]
[Black "Padre, Bryan"]
[Result "1-0"]
[WhiteElo "1211"]
[BlackElo "1110"]
[PlyCount "85"]
[EventDate "2016.??.??"]

1. e4 e5 2. Nf3 Nc6 3. Bc4 Nf6 4. Ng5 Qe7 5. Nxf7 Rg8 6. Ng5 d6 7. Bxg8 Be6 8.
Bxe6 h6 9. Bf7+ Kd7 10. Nf3 Qxf7 11. Nc3 Re8 12. d4 Qc4 13. Qd3 Qxd3 14. cxd3
exd4 15. Nb5 d5 16. O-O dxe4 17. dxe4 Rxe4 18. Re1 Rh4 19. Nxh4 Bb4 20. Rd1 a6
21. Nxd4 Nxd4 22. Rxd4+ Kc6 23. Rxb4 Nd5 24. Rc4+ Kd6 25. Bf4+ Nxf4 26. Rxf4 g5
27. Rd1+ Ke5 28. Rf5+ Ke4 29. Re1+ Kd3 30. Rc1 gxh4 31. Rxc7 Ke4 32. Rff7 b5
33. g3 hxg3 34. Kg2 gxf2 35. Rxf2 a5 36. a4 bxa4 37. Rc4+ Ke5 38. Rxa4 Ke6 39.
Re2+ Kd5 40. b4 axb4 41. Rxb4 Kc5 42. Rh4 Kd5 43. Rxh6 1-0

[Event "18 Open international de La Reunion"]
[Site "Salle des fêtes de Bellepierre"]
[Date "2016.10.11"]
[Round "3.24"]
[White "Turpin, Noah"]
[Black "Payet, Quentin"]
[Result "1-0"]
[WhiteElo "1099"]
[BlackElo "1199"]
[PlyCount "27"]
[EventDate "2016.??.??"]

1. e4 e5 2. Nf3 Nc6 3. Nc3 Nf6 4. Bc4 Bc5 5. Ng5 O-O 6. O-O Re8 7. Bxf7+ Kh8 8.
Bxe8 Nxe8 9. d3 Nd4 10. Nf7+ Kg8 11. Nxd8 d6 12. Nd5 Bd7 13. Ne7+ Kh8 14. Nf7#
1-0

[Event "18 Open international de La Reunion"]
[Site "Salle des fêtes de Bellepierre"]
[Date "2016.10.11"]
[Round "3.25"]
[White "Leonardy, Batiste"]
[Black "Hubert, Nathan"]
[Result "0-1"]
[WhiteElo "1195"]
[BlackElo "1080"]
[PlyCount "68"]
[EventDate "2016.??.??"]

1. e4 d5 2. exd5 c6 3. dxc6 Nxc6 4. Nc3 Nf6 5. Nf3 e5 6. Bb5 e4 7. Qe2 Bg4 8.
Nxe4 Be7 9. Nxf6+ gxf6 10. h3 Bd7 11. a3 Rc8 12. O-O a6 13. Ba4 b5 14. Bb3 Na5
15. d3 Bc6 16. Bd2 Nxb3 17. cxb3 Bxf3 18. Qxf3 Rc2 19. Bc3 a5 20. b4 a4 21.
Rfe1 Kf8 22. d4 Rg8 23. Qc6 f5 24. Qxb5 Bh4 25. g3 Bxg3 26. Qc5+ Bd6+ 27. Kf1
Bxc5 28. dxc5 Qa8 29. c6 Qxc6 30. Re8+ Qxe8 31. Re1 Qa8 32. Bg7+ Rxg7 33. Re8+
Kxe8 34. Ke1 Rg1# 0-1

[Event "18 Open international de La Reunion"]
[Site "Salle des fêtes de Bellepierre"]
[Date "2016.10.11"]
[Round "3.26"]
[White "Eric Andriana, Fitia"]
[Black "Rebut, Paul"]
[Result "1-0"]
[WhiteElo "1156"]
[BlackElo "1050"]
[PlyCount "71"]
[EventDate "2016.??.??"]

1. e4 e5 2. Nf3 Nc6 3. Bc4 Bc5 4. c3 Nf6 5. d4 exd4 6. e5 Ng4 7. cxd4 Bb4+ 8.
Bd2 Bxd2+ 9. Nbxd2 O-O 10. O-O d6 11. exd6 cxd6 12. d5 Na5 13. Rc1 Rb8 14. b4
b5 15. bxa5 bxc4 16. Nxc4 Ba6 17. Nd4 Rc8 18. Nc6 Qd7 19. Re1 Rfe8 20. Ne7+
Rxe7 21. Rxe7 Qf5 22. Qe1 h6 23. Nxd6 Qh5 24. Rxc8+ Bxc8 25. h3 Qxd5 26. hxg4
Bxg4 27. Nxf7 Bh5 28. Ne5 g5 29. Rxa7 Qe6 30. Ra8+ Kg7 31. a6 Kf6 32. a7 Qxa2
33. Nd7+ Kf5 34. Rf8+ Kg4 35. a8=Q Qb2 36. Qae4# 1-0

[Event "18 Open international de La Reunion"]
[Site "Salle des fêtes de Bellepierre"]
[Date "2016.10.11"]
[Round "3.27"]
[White "Alex-Geerjanan, Nils"]
[Black "Laoussing, Mathis"]
[Result "0-1"]
[WhiteElo "1070"]
[BlackElo "1145"]
[PlyCount "68"]
[EventDate "2016.??.??"]

1. e4 e5 2. Nf3 Nc6 3. Bc4 Bc5 4. c3 d6 5. d4 exd4 6. cxd4 Bb4+ 7. Bd2 Bg4 8.
a3 Bxd2+ 9. Qxd2 Bxf3 10. gxf3 Nf6 11. d5 Ne5 12. Qd1 Nxc4 13. b3 Ne5 14. f4
Ned7 15. Nc3 O-O 16. h4 h5 17. Qe2 Ng4 18. Rc1 Re8 19. Nb5 a6 20. Nxc7 Rc8 21.
Qc2 Ndf6 22. f3 Ne3 23. Qc3 Nexd5 24. Qc2 Rxc7 25. Qxc7 Nxc7 26. O-O d5 27. e5
Nd7 28. f5 Rxe5 29. Rfe1 Rxe1+ 30. Rxe1 Qxh4 31. Rc1 Qg3+ 32. Kh1 Qxf3+ 33. Kg1
Qe3+ 34. Kg2 Qxc1 0-1

[Event "18 Open international de La Reunion"]
[Site "Salle des fêtes de Bellepierre"]
[Date "2016.10.12"]
[Round "4.1"]
[White "Mezouaghi, Miloud"]
[Black "Testud, Philippe"]
[Result "1-0"]
[WhiteElo "2057"]
[BlackElo "2202"]
[PlyCount "87"]
[EventDate "2016.??.??"]

1. e4 c5 2. Nf3 e6 3. b3 b6 4. Bb2 Bb7 5. d3 Nf6 6. Nbd2 Be7 7. Be2 O-O 8. O-O
Nc6 9. Re1 Qc7 10. Bf1 e5 11. Nc4 d6 12. Ne3 b5 13. Nf5 b4 14. N3h4 g6 15.
Nxe7+ Qxe7 16. g3 Nh5 17. Nf5 Qd8 18. Ne3 Ng7 19. Bg2 Ne6 20. Nd5 Nc7 21. f4 f6
22. Ne3 Nb5 23. Rf1 Ne7 24. Rf2 a5 25. Qg4 Kh8 26. Raf1 Ng8 27. fxe5 dxe5 28.
Bxe5 Qe7 29. Bb2 Nd4 30. Nd5 Qd6 31. Qf4 Qxf4 32. Nxf4 Ra6 33. Bh3 Re8 34. c3
bxc3 35. Bxc3 Nb5 36. Bd7 Nxc3 37. Bxe8 f5 38. exf5 Nf6 39. Ne2 Ncd5 40. fxg6
hxg6 41. Bxg6 Ng4 42. Rf8+ Kg7 43. Be4 Rh6 44. R1f7# 1-0

[Event "18 Open international de La Reunion"]
[Site "Salle des fêtes de Bellepierre"]
[Date "2016.10.12"]
[Round "4.2"]
[White "Lorans, Sylvain"]
[Black "Calmels, Nicolas"]
[Result "1-0"]
[WhiteElo "2157"]
[BlackElo "1863"]
[PlyCount "65"]
[EventDate "2016.??.??"]

1. d4 d5 2. Bf4 Nf6 3. e3 Bf5 4. c4 e6 5. Nc3 c6 6. Qb3 b6 7. Nf3 Bd6 8. Ne5
Nh5 9. c5 Nxf4 10. cxd6 f6 11. exf4 fxe5 12. fxe5 Qg5 13. g3 O-O 14. Bg2 Bd3
15. Nxd5 Rxf2 16. Kxf2 Qd2+ 17. Kg1 cxd5 18. h4 Be4 19. Bxe4 Qxd4+ 20. Kh2 Qxe4
21. Rae1 Qd4 22. Qc3 Qf2+ 23. Kh3 Qf5+ 24. Kg2 Na6 25. Rhf1 Qg6 26. Qc6 Rd8 27.
Rf4 h5 28. b4 Qd3 29. Kh3 Nxb4 30. Qc7 Rf8 31. Rxf8+ Kxf8 32. d7 Qf5+ 33. Kg2
1-0

[Event "18 Open international de La Reunion"]
[Site "Salle des fêtes de Bellepierre"]
[Date "2016.10.12"]
[Round "4.4"]
[White "Jubin, Thierry"]
[Black "Payet, Jean-Claude"]
[Result "1/2-1/2"]
[WhiteElo "1690"]
[BlackElo "1865"]
[PlyCount "60"]
[EventDate "2016.??.??"]

1. d4 Nf6 2. c4 g6 3. Nc3 Bg7 4. e4 d6 5. Be2 O-O 6. Nf3 e5 7. O-O Nc6 8. d5
Ne7 9. Ne1 Nd7 10. Be3 f5 11. f3 Rf7 12. Nd3 Bf8 13. c5 f4 14. Bf2 g5 15. cxd6
cxd6 16. Rc1 a6 17. Na4 Rg7 18. Qc2 b5 19. Nc3 Ng6 20. Nb4 Nh4 21. Nc6 Qe8 22.
b4 Nf6 23. a4 Qh5 24. axb5 g4 25. fxg4 Nxg4 26. Bxg4 Bxg4 27. Bxh4 Qxh4 28.
bxa6 Rxa6 29. b5 Rb6 30. Qf2 Qg5 1/2-1/2

[Event "18 Open international de La Reunion"]
[Site "Salle des fêtes de Bellepierre"]
[Date "2016.10.12"]
[Round "4.5"]
[White "Coent, Yann"]
[Black "Etheve, Lionel"]
[Result "1-0"]
[WhiteElo "1812"]
[BlackElo "1494"]
[PlyCount "91"]
[EventDate "2016.??.??"]

1. e4 e5 2. Nf3 Nc6 3. Bb5 Bc5 4. O-O Nge7 5. c3 O-O 6. d4 exd4 7. cxd4 Bb6 8.
Nc3 d6 9. Re1 Bg4 10. Be3 Kh8 11. h3 Bh5 12. g4 Bg6 13. Nh4 a6 14. Ba4 Ba5 15.
Nf5 Bxc3 16. bxc3 d5 17. Nxe7 Nxe7 18. e5 Ng8 19. Bc2 Qh4 20. Kg2 c6 21. Qd2 h6
22. Bxg6 fxg6 23. f4 Qe7 24. Rab1 b5 25. Qc2 Qa3 26. Bc1 Qa5 27. Rb3 Ne7 28.
Kg3 Rae8 29. Ba3 Rf7 30. Bc5 Ref8 31. Rf1 g5 32. f5 Qc7 33. Rbb1 Re8 34. a4 Nc8
35. axb5 axb5 36. Ra1 Nb6 37. Ra6 Na4 38. Ra7 Qxa7 39. Bxa7 Rxa7 40. f6 Rea8
41. fxg7+ Kxg7 42. Rf6 Nxc3 43. Qg6+ Kh8 44. Qxh6+ Kg8 45. Rg6+ Kf7 46. Rg7+
1-0

[Event "18 Open international de La Reunion"]
[Site "Salle des fêtes de Bellepierre"]
[Date "2016.10.11"]
[Round "4.6"]
[White "Desire, Michael"]
[Black "Muller, Sebastien"]
[Result "1-0"]
[WhiteElo "1808"]
[BlackElo "1519"]
[PlyCount "47"]
[EventDate "2016.??.??"]

1. d4 d6 2. c4 Nf6 3. Nc3 a6 4. Nf3 h6 5. e4 e6 6. Bd3 Be7 7. Qe2 Nc6 8. h3 e5
9. d5 Nb4 10. Bb1 a5 11. Be3 c6 12. a3 Na6 13. O-O c5 14. Nd2 Bd7 15. Bc2 Qc8
16. Ba4 Qc7 17. Bxd7+ Qxd7 18. f4 exf4 19. Bxf4 g5 20. Bg3 O-O-O 21. e5 Ne8 22.
Nb5 dxe5 23. Bxe5 f6 24. Na7# 1-0

[Event "18 Open international de La Reunion"]
[Site "Salle des fêtes de Bellepierre"]
[Date "2016.10.12"]
[Round "4.7"]
[White "Duprey, Francois-Xavier"]
[Black "Bah, Ismael"]
[Result "1/2-1/2"]
[WhiteElo "1637"]
[BlackElo "1786"]
[PlyCount "55"]
[EventDate "2016.??.??"]

1. c4 c5 2. Nc3 b6 3. Nf3 Bb7 4. g3 g6 5. Bg2 Bg7 6. O-O Nf6 7. d4 cxd4 8. Nxd4
Bxg2 9. Kxg2 O-O 10. Rb1 Qc7 11. b3 d6 12. Kg1 Nc6 13. Ncb5 Qb7 14. Bb2 Nxd4
15. Nxd4 Ne4 16. Qd3 Rfd8 17. Nf3 Nf6 18. Rfd1 Qa6 19. a3 Rac8 20. Qe3 Qb7 21.
Rbc1 Qd7 22. Kg2 Ng4 23. Qd2 Nf6 24. Qe3 Qc7 25. h3 Qb7 26. Kh2 h6 27. Bxf6
exf6 28. Nd4 1/2-1/2

[Event "18 Open international de La Reunion"]
[Site "Salle des fêtes de Bellepierre"]
[Date "2016.10.12"]
[Round "4.8"]
[White "Dace, Jean Emeric"]
[Black "Triton, Maxime"]
[Result "0-1"]
[WhiteElo "1612"]
[BlackElo "1771"]
[PlyCount "43"]
[EventDate "2016.??.??"]

1. e4 c5 2. Nf3 e6 3. d4 cxd4 4. Nxd4 Nc6 5. Be3 a6 6. c3 Nf6 7. Bd3 Be7 8. Nd2
d5 9. f3 O-O 10. Qc2 Ne5 11. g4 dxe4 12. Nxe4 Nxd3+ 13. Qxd3 e5 14. Nxf6+ Bxf6
15. g5 exd4 16. cxd4 Bxg5 17. f4 Bh4+ 18. Kd2 Qa5+ 19. Ke2 Bf5 20. Qb3 Rac8 21.
Rhg1 Be4 22. Rg4 0-1

[Event "18 Open international de La Reunion"]
[Site "Salle des fêtes de Bellepierre"]
[Date "2016.10.12"]
[Round "4.9"]
[White "Cochard, Franck-Olivier"]
[Black "Jotee, Ashvin"]
[Result "1/2-1/2"]
[WhiteElo "1588"]
[BlackElo "1752"]
[PlyCount "43"]
[EventDate "2016.??.??"]

1. Nf3 e6 2. c4 f5 3. d4 Nf6 4. Bf4 d6 5. e3 Be7 6. h3 O-O 7. Bd3 Qe8 8. Nc3
Nc6 9. a3 Bd8 10. Qc2 e5 11. d5 exf4 12. dxc6 bxc6 13. Kd2 fxe3+ 14. fxe3 d5
15. Nd4 Ne4+ 16. Bxe4 fxe4 17. Raf1 Bb7 18. Qb3 Ba6 19. Rxf8+ Kxf8 20. cxd5
cxd5 21. Qxd5 Bf6 22. Ne6+ 1/2-1/2